Statistics for Modern countries once owned by France

Click here to take the quiz!

General Stats

  • This quiz has been taken 37 times
    (26 since last reset)
  • The average score is 37 of 59

Answer Stats

HintAnswer% Correct
East AsiaVietnam
100%
North AmericaCanada
89%
EuropeSpain
89%
North AmericaUSA
89%
EuropeGermany
84%
EuropeItaly
84%
AfricaMali
84%
AfricaAlgeria
79%
EuropeBelgium
79%
East AsiaLaos
79%
Middle EastLebanon
79%
East AsiaCambodia
74%
East AsiaChina
74%
Central AsiaIndia
74%
Middle EastSyria
74%
AfricaTunisia
74%
EuropeAustria
68%
South AmericaBrazil
68%
AfricaBurkina Faso
68%
Middle EastEgypt
68%
EuropeFrance
68%
AfricaMorocco
68%
South AmericaSuriname
68%
AfricaGabon
63%
AfricaIvory Coast
63%
AfricaMauritania
63%
AfricaNiger
63%
AfricaSenegal
63%
OceaniaAustralia
58%
AfricaBenin
58%
AfricaCameroon
58%
AfricaComoros
58%
AfricaDRC
58%
AfricaGambia
58%
Middle EastIsrael
58%
AfricaMadagascar
58%
AfricaSeychelles
58%
AfricaSierra Leone
58%
Middle EastTurkey
58%
OceaniaVanuatu
58%
AfricaCongo
53%
EuropeCroatia
53%
AfricaDjibouti
53%
AfricaEquatorial Guinea
53%
AfricaGuinea Bissau
53%
CaribbeanHaiti
53%
EuropeSlovenia
53%
East AsiaSri Lanka
53%
AfricaBurundi
47%
AfricaMauritius
47%
EuropePoland
47%
East AsiaTaiwan
47%
Middle EastYemen
47%
AfricaCape Verde
42%
AfricaCAR
42%
EuropeGreece
42%
OceaniaPNG
42%
AfricaRwanda
42%
AfricaSao Tome and Principe
42%

Score Distribution

Percentile by Number Answered

Percent of People with Each Score

Your Score History

You have not taken this quiz since the last reset